| 000 | 01134nam a2200229Ia 4500 | ||
|---|---|---|---|
| 001 | L200-52654 | ||
| 003 | IT-CnALBA | ||
| 008 | 170116s9999||||xx |||||||||||||| ||und|| | ||
| 040 |
_aIT-CnALBA _cIT-CnALBA |
||
| 041 | _aITALIANO | ||
| 100 | _aGHEDDO PIERO | ||
| 245 | 0 | _aLA TENTAZIONE DI CREDERE. COLLOQUI SULLA FEDE. | |
| 250 | _a1a ed. | ||
| 260 |
_aCASALE MONFERRATO (AL) _bPIEMME EDIZIONI _c1999 [1° Ed.:1999 - Ed.Ling.Originale: 1999] |
||
| 300 | _a174 p. | ||
| 500 | _aPREFAZIONE BO C. MOTIVI DI UN INCONTRO. I MISSIONARI. LA CHIESA E IL MONDO MODERNO. IL CRISTIANO E LA SOFFERENZA. LA FEDE. I SANTI MIRACOLI. PREGHIERA PECCATO. CONCLUSIONE. INTERVISTA A CARLO BO E OLMI ERMANNO. | ||
| 501 | _aSocietà San Paolo EM - Piazza San Paolo, 14 - 12051 ALBA (CN) (non commercial uses only) ® Copyright 2017 | ||
| 520 | _aPREFAZIONE BO C. MOTIVI DI UN INCONTRO. I MISSIONARI. LA CHIESA E IL MONDO MODERNO. IL CRISTIANO E LA SOFFERENZA. LA FEDE. I SANTI MIRACOLI. PREGHIERA PECCATO. CONCLUSIONE. INTERVISTA A CARLO BO E OLMI ERMANNO. | ||
| 650 | _aRELIGIONE - RELIGIONE CRISTIANA | ||
| 942 | _cBK | ||
| 957 | _71 | ||
| 999 |
_a69258 _bNO _g Copie: 1 _c311533 _d311533 |
||